<?xml version="1.0" encoding="UTF-8"?>
<marc:record xmlns:marc="http://www.loc.gov/MARC21/slim">
   <marc:leader>00000nam a2200000 a 4500</marc:leader>
   <marc:datafield ind1="1" ind2=" " tag="100">
      <marc:subfield code="a">Jonas Jonasson</marc:subfield>
      <marc:subfield code="4">aut</marc:subfield>
      <marc:subfield code="e">Verfasser/-in</marc:subfield>
   </marc:datafield>
   <marc:datafield ind1="0" ind2="0" tag="245">
      <marc:subfield code="a">Der Hundertjährige, der aus dem Fenster stieg und verschwand</marc:subfield>
   </marc:datafield>
   <marc:datafield ind1="0" ind2="0" tag="245">
      <marc:subfield code="b">; [CD 917/6]</marc:subfield>
   </marc:datafield>
   <marc:datafield ind1=" " ind2="1" tag="264">
      <marc:subfield code="b">Hörverl.</marc:subfield>
      <marc:subfield code="c">2011</marc:subfield>
   </marc:datafield>
   <marc:datafield ind1="1" ind2=" " tag="490">
      <marc:subfield code="a">carl's books</marc:subfield>
   </marc:datafield>
   <marc:datafield ind1="1" ind2=" " tag="520">
      <marc:subfield code="a">Ein Roadmovie voller Witz und Herzenswärme Allan Karlsson hat keine Lust auf seine Geburtstagsfeier im Altenheim. Wähend der Bürgermeister und die Presse auf den 100-jährigen Jubilar warten, steigt Allan kurzerhand aus dem Fenster und verduftet. Bald schon sucht ganz Schweden nach dem kauzigen Alten, doch der ist es gewohnt, das Weltgeschehen durcheinanderzubringen und sich immer wieder aus dem Staub zu machen. Mit viel Charme begleitet Otto Sander den schlitzohrigen Allan auf seiner herrlich komischen Flucht durch Schweden und lässt augenzwinkernd die politischen Verwicklungen des Hundertjährigen Revue passieren. Ein Schelmenroman erster Güte. gerade die Beiläufigkeit, mit der Otto Sander das Hörbuch liest, schärft die Pointen dieser Clownsnummer. (Westdt. Allg. Zeitung)</marc:subfield>
   </marc:datafield>
   <marc:datafield ind1="3" ind2=" " tag="024">
      <marc:subfield code="a">9783867179560</marc:subfield>
   </marc:datafield>
</marc:record>
